000 00489nam a2200181Ia 4500
005 20250326125614.0
008 250326s9999 xx 000 0 und d
037 _aTextbook
040 _aFMSL
_beng
_cFMSL
041 _aeng
_2eng
084 _aX413:731 L11
_qFMSL
100 _aNCAER
_9264047
245 0 _aDemnad for passenger cars
_cNCAER
260 _aNew Delhi
_bNew Delhi, NCAER
_c1971
300 _a32p
942 _cTB
_hX413:731 L11
999 _c1278774
_d1278774